书目信息 |
| 题名: |
建成环境的意义----非言语表达方法
|
|
| 作者: | 拉普卜特 著 | |
| 分册: | ||
| 出版信息: | 北京 中国建筑工业出版社 2003.08 |
|
| 页数: | 205页 | |
| 开本: | 24cm | |
| 丛书名: | 国外建筑理论译丛 | |
| 单 册: | ||
| 中图分类: | TU-023 | |
| 科图分类: | ||
| 主题词: | 建筑学--基础理论 | |
| 电子资源: | ||
| ISBN: | 7-112-05863-5 | |
| 000 | 00694nam0 2200217 45 | |
| 001 | 0360560576 | |
| 005 | 20050110113843.96 | |
| 010 | @a7-112-05863-5@dCNY 35.00 | |
| 100 | @a20030901d2003 km y0chiy0120 ea | |
| 101 | 0 | @achi |
| 102 | @aCN@b110000 | |
| 200 | 1 | @a建成环境的意义----非言语表达方法@AJian Cheng Huan Jing De Yi Yi----Fei Yan Yu Biao Da Fang Fa@f(美)拉普卜特著@F(mei)la pu bo te zhu |
| 210 | @a北京@c中国建筑工业出版社@d2003.08 | |
| 215 | @a205页@d24cm | |
| 225 | 2 | @a国外建筑理论译丛 |
| 410 | 0 | @12001 @a国外建筑理论译丛 |
| 606 | 0 | @a建筑学@x基础理论 |
| 690 | @aTU-023@v3 | |
| 701 | 0 | @a拉普卜特@Ala pu bo te@4著 |
| 801 | 0 | @aCN@bPFT@c20050110 |
| 905 | @a安徽大学@dTU-023@eL0071 | |
| 建成环境的意义----非言语表达方法/(美)拉普卜特著.-北京:中国建筑工业出版社,2003.08 |
| 205页;24cm.-(国外建筑理论译丛) |
| ISBN 7-112-05863-5:CNY 35.00 |
| ● |
| 相关链接 |
|
|
|
正题名:建成环境的意义----非言语表达方法
索取号:TU-023/L0071
 
预约/预借
| 序号 | 登录号 | 条形码 | 馆藏地/架位号 | 状态 | 备注 |
| 1 | 391893 | 203918939 | 建筑库101/101建筑库 3排2列1层/ [索取号:TU-023/L0071] | 在馆 | |
| 2 | 391894 | 203918948 | 建筑库101/ [索取号:TU-023/L0071] | 在馆 | |
| 3 | 391895 | 203918957 | 建筑库101/101建筑库 3排2列1层/ [索取号:TU-023/L0071] | 在馆 | |
| 4 | 435585 | 204355857 | 建筑库101/101建筑库 3排2列1层/ [索取号:TU-023/L0071] | 在馆 |